000
00192nam a2200085Ia 4500
082
_a
J 362.1969792 MATH
245
0
_a
Masakhane
942
_c
BK
008
210817s9999 xx 000 0 und d
999
_c
280903
_d
280902